| 000 | 00633nam a2200217Ii 4500 | ||
|---|---|---|---|
| 001 | 22955 | ||
| 003 | CO-ViMGA | ||
| 008 | 241108s9999||||xx |||||||||||||| ||und|| | ||
| 020 | _a9789584870766 | ||
| 040 |
_aCO-ViMGA _bspa _erda _cCO-ViMGA |
||
| 041 | 0 | _aspa | |
| 082 | 0 | 4 | _a204.4 A71n |
| 100 | 1 |
_aArango Siegert, Ricardo _944949 |
|
| 245 | 1 | 0 | _aNegando a Jesucristo conocĂ a Dios |
| 264 | 1 | _aBogotá, Colombia : R. Arango Siegert, 2020 | |
| 300 | _avolumen | ||
| 336 |
_atext _btxt _2rdacontent |
||
| 337 |
_aunmediated _bn _2rdamedia |
||
| 338 |
_avolume _bnc _2rdacarrier |
||
| 940 | _aidficha_siabuc: 21630. -- ficha_no_siabuc:22955 | ||
| 999 |
_c39426 _d39426 |
||